书目信息 |
| 题名: |
透视
|
|
| 作者: | 殷光宇 编著 | |
| 分册: | ||
| 出版信息: | 杭州 中国美术学院出版社 1999 |
|
| 页数: | 272页 | |
| 开本: | 26cm | |
| 丛书名: | 中国艺术教育大系 | |
| 单 册: | ||
| 中图分类: | J206.2 | |
| 科图分类: | ||
| 主题词: | 绘画透视--高等学校--教材 | |
| 电子资源: | ||
| ISBN: | 7-81019-699-5 | |
| 000 | 00692nam2 2200241 450 | |
| 001 | 0709000049 | |
| 005 | 20070531105157.01 | |
| 010 | @a7-81019-699-5@dCNY36.00 | |
| 100 | @a19990706e20061999em y0chiy0110 ea | |
| 101 | 0 | @achi |
| 102 | @aCN@b330000 | |
| 105 | @af z 000yy | |
| 200 | 1 | @a透视@Atou shi@f殷光宇编著 |
| 210 | @a杭州@c中国美术学院出版社@d1999@h2006 | |
| 215 | @a272页@c图@d26cm | |
| 225 | 2 | @a中国艺术教育大系@i美术卷 |
| 300 | @a高等艺术教育“九五”部级教材 | |
| 462 | 0 | @12001 @a中国艺术教育大系@i美术卷 |
| 606 | 0 | @a绘画透视@x高等学校@j教材 |
| 690 | @aJ206.2@v4 | |
| 701 | 0 | @a殷光宇@Ayin guang yu@4编著 |
| 801 | 0 | @aCN@bTAOJIN@c20070531 |
| 905 | @a10447@dJ206.2@e474 | |
| 透视/殷光宇编著.-杭州:中国美术学院出版社,1999(2006) |
| 272页:图;26cm.-(中国艺术教育大系.美术卷) |
| 高等艺术教育“九五”部级教材 |
| ISBN 7-81019-699-5:CNY36.00 |
| ● |
| 相关链接 |
|
|
|
|
正题名:透视
索取号:J206.2/474
 
预约/预借
| 序号 | 登录号 | 条形码 | 馆藏地/架位号 | 状态 | 备注 |
| 1 | 0523797 | 205237974 | 第一样本阅览室/ [索取号:J206.2/474] | 在馆 | |
| 2 | 0523798 | 205237983 | 第一借阅区/ [索取号:J206.2/474] | 在馆 | |
| 3 | 0523799 | 205237992 | 第一借阅区/ [索取号:J206.2/474] | 在馆 |